000 00495nam a2200181 a 4500
001 1761225639681
003 YourLibrary
005 20251024125044.0
008 251023s2009##################000#0#eng##
020 _a9781401923907
082 0 4 _a158.1
_bTAJ
100 1 _aTaylor, Sandra Anne,
_eauthor.
245 1 0 _a28 Days to a More Magnetic Life :
260 _bHay House,
_c2009.
650 0 _aSelf-actualization (Psychology).
942 _cENGLISH
040 _aYourLibrary
_beng
_cYourLibrary
999 _c593304
_d593304